Anti-corruption training manual for the infrastructure, construction and engineering sectors (Record no. 107206)
[ view plain ]
| 000 -LEADER | |
|---|---|
| fixed length control field | 01157cad a22002055a 4500 |
| 001 - CONTROL NUMBER | |
| control field | L138573 |
| 008 - FIXED-LENGTH DATA ELEMENTS--GENERAL INFORMATION | |
| fixed length control field | 070621e20070529xxk f 000 0 eng d |
| 035 ## - SYSTEM CONTROL NUMBER | |
| System control number | (Sirsi) u138573 |
| 041 0# - LANGUAGE CODE | |
| Language code of text/sound track or separate title | eng |
| 050 04 - LIBRARY OF CONGRESS CALL NUMBER | |
| Classification number | 690 $2 18 |
| 110 2# - MAIN ENTRY--CORPORATE NAME | |
| Corporate name or jurisdiction name as entry element | Transparency International |
| 9 (RLIN) | 5230 |
| 245 00 - TITLE STATEMENT | |
| Title | Anti-corruption training manual for the infrastructure, construction and engineering sectors |
| Medium | [electronic resource] |
| 260 ## - PUBLICATION, DISTRIBUTION, ETC. | |
| Date of publication, distribution, etc. | 2007 |
| 520 ## - SUMMARY, ETC. | |
| Summary, etc. | Describes ways in which corruption within the construction, infrastructure and engineering sectors can best be avoided. Provides an overview of what constitutes corruption. Lists 47 detailed case studies. Details simple anti-corruption rules for individuals and companies to follow. Provides practical advice on what to do when faced with a potentially corrupt situation. There are two versions of the work: international and England and Wales. The latter also provides an explanation of the relevant criminal laws. |
| 590 ## - LOCAL NOTE (RLIN) | |
| Local note | KA |
| 651 #4 - SUBJECT ADDED ENTRY--GEOGRAPHIC NAME | |
| Geographic name | England and Wales |
| Chronological subdivision | 1543- |
| 651 #4 - SUBJECT ADDED ENTRY--GEOGRAPHIC NAME | |
| Geographic name | International |
| 856 40 - ELECTRONIC LOCATION AND ACCESS | |
| Uniform Resource Identifier | <a href="https://www.ciob.org.uk/news/view/1431">https://www.ciob.org.uk/news/view/1431</a> |
| Public note | View the item free of charge at www.ciob.org.uk... |
| 942 ## - ADDED ENTRY ELEMENTS (KOHA) | |
| Suppress in OPAC | 0 |
| Withdrawn status | Lost status | Source of classification or shelving scheme | Damaged status | Not for loan | Home library | Current library | Shelving location | Date acquired | Total Checkouts | Full call number | Barcode | Date last seen | Copy number | Price effective from | Koha item type |
|---|---|---|---|---|---|---|---|---|---|---|---|---|---|---|---|
| Dewey Decimal Classification | Virtual | Virtual | Online | 21/06/2007 | ONLINE PUBLICATION | 138573-1001 | 06/08/2019 | 1 | 06/08/2019 | Book |